| 000 | 00599nam a2200205 i 4500 | ||
|---|---|---|---|
| 001 | 130501 | ||
| 003 | ES-MaACL | ||
| 005 | 20230906193747.0 | ||
| 007 | t| | ||
| 008 | 070730s1971 sp ||||1| spa d | ||
| 100 | 1 |
_aZappietro, Eugenio Juan. _9118023 |
|
| 245 | 1 | 0 |
_aDe aquí hasta el alba / _cEugenio Juan Zappietro. |
| 250 | _a[1ª ed.]. | ||
| 260 |
_aBarcelona : _bPlaneta, _c[1971] |
||
| 300 |
_a289 p. ; _c19 cm. |
||
| 490 | 1 | _aAutores españoles contemporáneos | |
| 830 | 0 |
_aAutores españoles contemporáneos _9180811 |
|
| 852 |
_aES-MaACL _jC-39300 _bR.77089 |
||
| 999 |
_c130501 _d130501 |
||